| 000 | 00373nam a2200133Ia 4500 | ||
|---|---|---|---|
| 005 | 20260328101531.0 | ||
| 008 | 260328s9999||||xx |||||||||||||| ||und|| | ||
| 100 | _aIwamoto, Lisa | ||
| 245 | 0 |
_aDigital Fabrications : _b Architectural and Material techniques / _cLisa Iwamoto |
|
| 260 | _bArchitecture Briefs | ||
| 300 | _a144 p. | ||
| 650 | _aARQUITECTURA CIVIL | ||
| 942 | _cBK | ||
| 999 |
_c9986 _d9986 |
||